000 00691cab a2200241 4500
001 WB2931-43
008 090401t1993 xxu||||| |||| 00| 0 eng d
035 _a(Sirsi) u5810
041 _aeng
245 _aDig up the dirt on pollution
260 _c1993
350 _a0
490 _aDaily Telegraph
_v21 August 1993, X(1)
520 _aProvides pointers to the investigation of contaminated land for prospective house buyers in the absence of a register.
650 _aCONTAMINATED LAND
650 _aFRIENDS OF THE EARTH
650 _aLEGAL SEARCHES
650 _aMAPS
690 _aENVIRONMENTAL AND LAND CONSULTANCY
690 _aLAND
942 _n0
948 _c04/03/1997
999 _c3469
_d3469